000 00755cam a2200265 4500
001 B2292
008 090401t1989 xxu||||| |||| 00| 0 eng d
035 _a(Sirsi) u49137
041 _aeng
050 _a690.25
110 _aBuilding Research Establishment
245 _aFreestanding masonry boundary walls: materials and construction.
260 _aGarston,Watford
_bBuilding Research Establishment
_c1989
300 _a1 sheet : ill. ; 30cm.
350 _a0
490 _aDefect Action Sheet
_v130 (Design)
490 _aDAS
_v130
650 _aBOUNDARY WALLS
650 _aBRICKWORK
650 _aBUILDING DEFECTS
650 _aFREESTANDING WALLS
690 _aBUILT ENVIRONMENT-BUILDING PATHOLOGY
942 _n0
948 _c04/03/1997
999 _c92495
_d92495